How well do you know me? Quiz Stats

Quiz not verified by Sporcle

Also try: Famous Littles
Challenge
Share
Tweet
Embed
Score 0/12 Timer 10:00
0 Plays Today
Hint Answer % Correct
what is my favorite color?green
72.7%
am i currently in a relationship with anyone?yes
72.7%
what is my name?Nicole
63.6%
how many siblings do i have?none
54.5%
where did i grow up?new jersey
36.4%
what am i goign to school for?social work
36.4%
what i not leave home without?cell phone
36.4%
how many pillows do i sleep with?1
36.4%
what do i do for work?liquor store
27.3%
what kind of phone do i have?flip phone
27.3%
who is my favorite comedian?kevin heart
18.2%
what do i like to do in my free time?sleep
18.2%

You're not logged in!

Compare scores with friends on all Sporcle quizzes.
Join for Free
OR
Log In

You Might Also Like...

Show Comments

Extras

Created Dec 29, 2014ReportNominate

Top Quizzes Today


Score Distribution

Your Account Isn't Verified!

In order to create a playlist on Sporcle, you need to verify the email address you used during registration. Go to your Sporcle Settings to finish the process.

Report this User

Report this user for behavior that violates our Community Guidelines.

Details: